Odporovateľné právne úkony - málo využívané inštitúty

Bibliographic Details
Main Author: Pauličková, Alena, 1955- (Author)
Format: Article
Language:Slovak
ISSN:1335-0714
Subjects:

MARC

LEADER 00000nab a2200000 a 4500
001 vtls000706751
003 SK-MaSNL
005 20260304150732.0
008 180206c1999 xo 0 slo
015 |a SNBRB1999/10-23742 
035 |a CLN000058918 
040 |a SNKBUCL  |b slo  |c SNKBUCL  |e AACR2 
041 0 |a slo 
044 |a xo  |c SK 
080 |a 347.95:347.736  |2 UDC-MRF-SK2 
080 |a 347.736  |2 UDC-MRF-SK2 
100 1 |a Pauličková, Alena,  |d 1955-  |4 aut  |9 202027 
245 1 0 |a Odporovateľné právne úkony - málo využívané inštitúty  |c Alena Pauličková 
650 0 7 |a konkurz (právo)  |2 snkbucl  |9 838497 
650 0 7 |a právne úkony  |2 snkbucl  |9 50026 
655 7 |a články z novín a časopisov  |2 snkbucl  |9 267496 
773 0 |x 1335-0714  |t Ekonomický a právny poradca podnikateľa  |g Č. 15 (1999), s. 96-99 
850 |a Slovenská národná knižnica v Martine 
852 |a SNK  |b KIS3GCP 
958 |a RBX 
999 |c 2939331  |d 2941261